00607nam a2200205Ia 4500008004100000020001800041050001400059050001800073245003500091245005200126260001700178260002100195260000900216300001600225300002000241300001100261500004100272650004100313650004700354160418s9999 xx 000 0 und d a971-584-517-7 aFIL PN 59 b.R43 2006 c.1 aReadings in world literature / cedited by Evelyn L. Sebastian, Erlina A. Cayao. aQuezon City: bC & E Pub. Inc., c2006 a268 pages : billustrations ; c22 cm. aIncludes bibliographical references. aLiterature -- History and criticism. xLiterature -- Study and teaching (Higher).